01727nam a2200349 a 4500001001000000005001700010008004100027041000800068044000800076084002000084100005000104245011000154260002900264300001700293500017000310500023900480500008200719500001000801546002400811650005700835650006100892650003900953650005000992700005501042700004001097700004201137740005001179902000801229942001101237999001501248952011401263BRCA_322220190320204154.0040309s1771----enk#---###---#000-0#eng-# aeng aenk a523b.C69c17711 aCervantes Saavedra, Miguel ded1547-1616921310aThe History of the Renowned Don Quixote de la ManchacWritten in Spanish by Miguel de Cervantes Saavedra. aLondresbW. Cowperc1771 a4 v.c17 cm. aContenido : v.1. Primera parte. Noticia biógrafica sobre el autor. Prólogo de Cervantes. -- v.2. Texto. -- v.3. Segunda parte. Prólogo del autor. -- v.4. Texto aEdición : Translated by Several Hands and Published by the Late Mr. Motteux. Revised a new from the Best Spanish Edition by Ozell with Explanatory Notes from Jarvis, Oudin, Pineda, Gregorio and the Royal Academy Dictionary of Madrid aEjemplar similar al anterior [522], pero sin láminas. Piel Lúdovik Osterc aQM418 aTexto en : inglés14aNovela españolayÉpoca clásica, 1500-1700921514aLiteratura españolayÉpoca clásica, 1500-1700921614aNovela españolaySiglo XVII921714aDon Quijote (Personaje ficticio)eNovela92181 aMotteux, Peter Anthonyd1663-1718eTraductor986081 aOzell, Johnd?-1743eAnotador986091 aOudin, Cesard?-1625eTraductor982880 aEl Ingenioso Hidalgo Don Quijote de la Mancha aQFM 2lcccB c2958d2958 00104070aBRCAbBRCAd2009-03-04iQM418l0o523 .C69 1771 (QM418)p3219r2019-03-22 00:00:00w2019-03-22yB